Пътувания в бездната (Запис номер 174395)
[ съкратено ]
| 000 -Лидер | |
|---|---|
| Контролно поле с фиксирана дължина | 01580nam a2200337 c 4500 |
| 003 - Код на организацията, давaща контролен номер | |
| Контролно поле | BLK |
| 005 - Дата и час на последна редакция | |
| Контролно поле | 20221026134620.0 |
| 008 - Елементи от данни с фиксирана дължина | |
| fixed length control field | 180411b bul|||||r ||||||| ||bul|| |
| 010 ## - Наследен системен номер | |
| LC control number | KNG00182871000 |
| 040 ## - Източник на каталожния запис | |
| Идентификатор на билиотеката - собственик на записа | BLK |
| 041 ## - Код за език | |
| Код за езика на текст/звукозапис или на отделно заглавие | Български |
| Код за езика КДБФ | Български |
| 080 ## - УДК | |
| Текстов определител УДК | Океанология (океанография). Релеф на морското дъно - Общи въпроси, теория, наблюдения, прибори, приложна океанология, зони на морето и тяхното хоризонтално деление, морско равнище, вълни, при |
| УДК код - определител по УДК | 551.46 |
| УДК - код + определител | 551.46 |
| 100 1# - Редна дума - Автор | |
| Автор | Стевенс, Жак |
| Авторска отговорност | първи автор |
| R(LIN) | 124063 |
| 139 ## - Редно поле | |
| Редна дума | Стевенс, Жак |
| Авторски знак | Сте - С 75 |
| 245 10 - Сведения за заглавието | |
| Заглавие | Пътувания в бездната |
| Подзаглавни данни | Океаногр. изследвания |
| Редно поле (дума) | Жак Стевенс; прев. от фр. Райна Стефанова. |
| 257 ## - Страна на издаване | |
| Страна на създаване/издаване | Франция |
| 260 ## - Област на издателските данни | |
| Име на издателя, разпространителя и проч. | Георги Бакалов |
| Година на издаване | 1976 |
| Място на издаване, разпространение и проч. | София |
| 300 ## - Физическа характеристика | |
| Страници | 164 с. |
| Размери/Мащаб | 23 см |
| 380 ## - Жанр | |
| Жанр | Естествени науки. Математика |
| 490 ## - СЕРИИ (Колекции) | |
| Име на серия | Библиотека Нептун |
| №: серия | кн. 3 |
| 9 (RLIN) | 205192 |
| 650 #4 - Допълнително описание по предмет – тема | |
| Основно описание – тема или топоним | Океанология |
| 9 (RLIN) | 164875 |
| 653 ## - Ключова дума – ненормативна | |
| Ключова дума | океанография |
| 653 ## - Ключова дума – ненормативна | |
| Ключова дума | морска фауна |
| 700 1# - Други автори (авторска отговорност) | |
| Лично име | Стефанова, Райна |
| Автороска отговорност (Описва отношението между автора и произведението) | прев. от фр. |
| Друга информация | Бърнева, Райна Христова |
| 9 (RLIN) | 368150 |
| 852 ## - Местоположение | |
| Форматна сигнатура | Цб 84629 |
| 856 4# - Електронен адрес и достъп | |
| Електронен формат | pdf - файл |
| Инструкция (цена за достъп) | 0.00 |
| Права за достъп | disable |
| 856 4# - Електронен адрес и достъп | |
| Електронен формат | pdf - файл |
| Инструкция (цена за достъп) | 0.00 |
| Права за достъп | disable |
| 999 ## - СИСТЕМНИ КОНТРОЛНИ НОМЕРА | |
| Koha biblionumber | 174395 |
| Koha biblioitemnumber | 174395 |
| 942 ## - АРТИКУЛИ | |
| Вид на библиотечния материал | Книги |
| Скрит в OPAC | Не |
| Периодичен библиозапис | Да |
| 944 ## - СЪЗДАВАНЕ И РЕДАКЦИЯ на ЗАПИСА | |
| Създаване/Редакция | Създаване |
| Дата на регистрацията/редакция | 29.09.2015 |
| Служител, извършил регистрацията/редакцията | Валя_Йорданова |
| 944 ## - СЪЗДАВАНЕ И РЕДАКЦИЯ на ЗАПИСА | |
| Създаване/Редакция | Редакция |
| Дата на регистрацията/редакция | 26.09.2017 |
| Служител, извършил регистрацията/редакцията | Милена_Ачева |
| 999 ## - СИСТЕМНИ КОНТРОЛНИ НОМЕРА | |
| Koha biblioitemnumber | 174395 |
| Код за отписване | Код за изгубен артикул | Източник на класификационната схема | Код за повреда | Коз за рестрикции | Код за отдаване | Артикулен № | Име на библиотеката - собственик | Име на библиотеката, в която се намира в момента | Статус (Текущо местоположение) | Дата на вписване в системата | Местоположение - отдел | Цена в лева | Инвентарен номер | Систематично азбучна сигнатура | Баркод | Номер на екземпляра | Цена в евро | Служебна бележка | Служебен тип на артикула | Бележка за публиката |
|---|---|---|---|---|---|---|---|---|---|---|---|---|---|---|---|---|---|---|---|---|
| Не е изгубен | Universal Decimal Classification | Не е повреден | само за читалня | ползва се в читалня | 299219 | Регионална библиотека "Любен Каравелов" Русе | Регионална библиотека "Любен Каравелов" Русе | Хранилище | 1976-01-01 | Хранилище | 1.43 | 222398 | Цб 84629 | 120000222398 | 1 | 0.73 | Дост: Dp Вид: Д N: Сф Дата: 01.01.1976 | Книги | ||
| Изтеглен | Не е изгубен | Не е повреден | без рестрикции | заемане за дома | 299220 | Регионална библиотека "Любен Каравелов" Русе | Регионална библиотека "Любен Каравелов" Русе | 1976-01-01 | Заемна - подръчен фонд | 1.43 | 223528 | П 551.4/С 75 | 223528 | 2 | 0.73 | N: Сф Дата: 01.01.1976 | Книги | Отч.N: 51/17 , Дата: 11.10.2017 | ||
| Изтеглен | Не е изгубен | Universal Decimal Classification | Не е повреден | без рестрикции | заемане за дома | 299221 | Регионална библиотека "Любен Каравелов" Русе | Регионална библиотека "Любен Каравелов" Русе | Заемна - подръчен фонд | 1976-01-01 | Заемна - подръчен фонд | 1.43 | 223529 | П 551.4/С 75 | 223529 | 3 | 0.73 | N: Сф Дата: 01.01.1976 | Книги | |
| Изтеглен | Не е изгубен | Universal Decimal Classification | Не е повреден | без рестрикции | заемане за дома | 299222 | Регионална библиотека "Любен Каравелов" Русе | Регионална библиотека "Любен Каравелов" Русе | Заемна - подръчен фонд | 1976-01-01 | Заемна - подръчен фонд | 1.43 | 223531 | П 551.4/С 75 | 223531 | 4 | 0.73 | N: Сф Дата: 01.01.1976 | Книги | |
| Изтеглен | Не е изгубен | Не е повреден | без рестрикции | заемане за дома | 299223 | Регионална библиотека "Любен Каравелов" Русе | Регионална библиотека "Любен Каравелов" Русе | 1976-01-01 | Детски отдел | 1.43 | 223304 | ДН 55/С 75 | 223304 | 5 | 0.73 | N: Сф Дата: 01.01.1976 Дата инв: 01.10.2015 Бележки инв: Д2015 | Книги | Отч.N: 38/2017 , Дата: 07.09.2017 |